Normal view
MARC view
- ENGLISH, JOHN A
Entry Personal Name
001 - CONTROL NUMBER
- control field: 73702
003 - CONTROL NUMBER IDENTIFIER
- control field: NUST
005 - DATE AND TIME OF LATEST TRANSACTION
- control field: 20210628205049.0
008 - FIXED-LENGTH DATA ELEMENTS
- fixed length control field: 210628|| aca||aabn | a|a d
040 ## - CATALOGING SOURCE
- Original cataloging agency: NUST
- Transcribing agency: NUST
100 ## - HEADING--PERSONAL NAME
- Personal name: ENGLISH, JOHN A
670 ## - SOURCE DATA FOUND
- Source citation: Work cat.: (NUST): ENGLISH, JOHN A, A PERPECTIVE ON INFANTRY, 1981
